Ländergrenzen nach dem nördlichsten Punkt - Statistiken

Allgemein
  • Dieses Quiz wurde 119 mal gespielt
  • Das Durchschnittsergebnis liegt bei 15 aus 18
Antwortstatistiken
Land Nachbarland % Korrekt
Schweiz Deutschland
100%
Mongolei Russland
97%
Luxemburg Belgien
95%
Nordkorea China
95%
Slowakei Polen
90%
Kosovo Serbien
83%
Paraguay Bolivien
82%
Albanien Montenegro
82%
Libanon Syrien
81%
Moldawien Ukraine
78%
Laos China
76%
Belize Mexiko
76%
Elfenbeinküste Mali
74%
Südafrika Simbabwe
74%
Usbekistan Kasachstan
73%
Benin Niger
72%
Irak Türkei
69%
Sierra Leone Guinea
65%
Keine übereinstimmenden Quizze gefunden
Verteilung der Resultate
Anzahl Personen mit jedem Resultat
Perzentil nach korrekt beantworteten Fragen
Ihre Resultats-Entwicklung
Sie haben dieses Quiz noch nicht gespielt